000 00469nam a2200169Ia 4500
008 090711s9999 xx 000 0 und d
082 _b28837
100 _aकालेलकर मधुसूदन
245 _aशिकार
260 _c1974
300 _a66
600 _aकालेलकर मधुसूदन
630 _aशिकार
700 _aकालेलकर मधुसूदन
730 _aशिकार
942 _cBOOK
999 _c305953
_d305953